Регионална библиотека "Любен Каравелов" - Русе

Турция (Запис номер 50577)

MARC детайли
000 -Лидер
Контролно поле с фиксирана дължина 01695nam a2200397 c 4500
003 - Код на организацията, давaща контролен номер
Контролно поле BLK
005 - Дата и час на последна редакция
Контролно поле 20250712101939.0
008 - Елементи от данни с фиксирана дължина
fixed length control field 180408b bul|||||r ||||||| ||bul||
010 ## - Наследен системен номер
LC control number KNG00054451000
020 ## - Международен стандартен номер на книга ISBN
Международен стандартен номер на книга ISBN 954-8775-39-5
-- издат.: Ковачев
040 ## - Източник на каталожния запис
Идентификатор на билиотеката - собственик на записа BLK
041 ## - Код за език
Код за езика на текст/звукозапис или на отделно заглавие Български
Код за езика КДБФ Български
080 ## - УДК
Текстов определител УДК Социография. Социално положение. Условия на политическия и социалния живот. Социално и социално-икономическо положение на отделните страни, народи, раси. Социална география. (Общи въпроси)
УДК код - определител по УДК 308
УДК определител (560)
УДК - код + определител 308(560)
080 ## - УДК
Текстов определител УДК География на Турция
УДК код - определител по УДК 913(560)
УДК определител
УДК - код + определител 913(560)
100 ## - Редна дума - Автор
Автор Дойков, Васил Георгиев
Автор - информация (биография) Географ, краевед, писател
Дати, свързани с автора 1930-2018
R(LIN) 364377
139 ## - Редно поле
Редна дума Дойков, Васил Георгиев
Авторски знак Дои - Д 71
245 10 - Сведения за заглавието
Заглавие Турция
Редно поле (дума) Васил Георгиев Дойков.
250 ## - Област на изданието
Сведения за изданието 2. прераб. и доп. изд.
257 ## - Страна на издаване
Страна на създаване/издаване България
260 ## - Област на издателските данни
-- Силистра
Име на издателя, разпространителя и проч. Ковачев
Година на издаване 2005
300 ## - Физическа характеристика
Страници 160 с.
Илюстрации и др. с цв. ил.
Размери/Мащаб 24 см
380 ## - Жанр
Жанр Обществени науки
500 ## - Общи забележки
Забележка 1. изд. 1977 на изд. Нар. просвета. - Офс. изд. - Библиогр. с. 156.
504 ## - Забележка за наличие на библиография и др
Забележка за наличие на библиография и под. 156
650 #4 - Допълнително описание по предмет – тема
Основно описание – тема или топоним Турция
9 (RLIN) 179691
653 ## - Ключова дума – ненормативна
Ключова дума Турция
653 ## - Ключова дума – ненормативна
Ключова дума география
653 ## - Ключова дума – ненормативна
Ключова дума стопанство
653 ## - Ключова дума – ненормативна
Ключова дума икономика
852 ## - Местоположение
Форматна сигнатура Цб 224188
856 4# - Електронен адрес и достъп
Електронен формат pdf - файл
Път до файла /url/
856 4# - Електронен адрес и достъп
Електронен формат pdf - файл
Път до файла /url/
942 ## - АРТИКУЛИ
Вид на библиотечния материал Книги
Скрит в OPAC Не
Koha issues (borrowed), all copies 6
944 ## - СЪЗДАВАНЕ И РЕДАКЦИЯ на ЗАПИСА
Създаване/Редакция Създаване
Дата на регистрацията/редакция 20.06.2005
Служител, извършил регистрацията/редакцията 30560
Статус, дата на статуса Геновева Генчева
944 ## - СЪЗДАВАНЕ И РЕДАКЦИЯ на ЗАПИСА
Създаване/Редакция Редакция
Дата на регистрацията/редакция 28.03.2014
Служител, извършил регистрацията/редакцията
999 ## - СИСТЕМНИ КОНТРОЛНИ НОМЕРА
Koha biblionumber 50577
Koha biblioitemnumber 50577
Наличности
Код за отписване Код за изгубен артикул Източник на класификационната схема Код за повреда Коз за рестрикции Код за отдаване Артикулен № Име на библиотеката - собственик Име на библиотеката, в която се намира в момента Статус (Текущо местоположение) Дата на вписване в системата Местоположение - отдел Цена в лева Инвентарен номер Систематично азбучна сигнатура Баркод Номер на екземпляра Цена в евро Служебна бележка Служебен тип на артикула
  Не е изгубен Universal Decimal Classification Не е повреден без рестрикции заемане за дома 79062 Регионална библиотека "Любен Каравелов" Русе Регионална библиотека "Любен Каравелов" Русе Заемна - подръчен фонд 2005-06-20 Заемна - подръчен фонд 10.00 120000694985 П 308(5)/Д 71 120000694985 1 5.11 Дост: Pk Вид: Ф N: 8904 Дата: 13.06.2005 Дата инв: 02.02.2018 Бележки инв: П2018 Книги
  Не е изгубен   Не е повреден без рестрикции заемане за дома 79063 Регионална библиотека "Любен Каравелов" Русе Регионална библиотека "Любен Каравелов" Русе Заемна - подръчен фонд 2005-06-20 Заемна - подръчен фонд 10.00 120000694986 П 308(5)/Д 71 120000694986 2 5.11 Дост: Pk Вид: Ф N: 8904 Дата: 13.06.2005 Дата инв: 02.02.2018 Бележки инв: П2018 Книги
Изтеглен Не е изгубен   Не е повреден без рестрикции заемане за дома 79064 Регионална библиотека "Любен Каравелов" Русе Регионална библиотека "Любен Каравелов" Русе Детски отдел 2005-06-20 Детски отдел 10.00 120000694987 Д 308(5)/Д 71 120000694987 3 5.11 Дост: Pk Вид: Ф N: 8904 Дата: 13.06.2005 Дата инв: 20.08.2015 Бележки инв: Д2015 Книги
  Не е изгубен   Не е повреден без рестрикции заемане за дома 79065 Регионална библиотека "Любен Каравелов" Русе Регионална библиотека "Любен Каравелов" Русе Заемна - подръчен фонд 2005-06-28 Заемна - подръчен фонд 10.00 120000695154 П 308(5)/Д 71 120000695154 4 5.11 Дост: DA Вид: А N: 16 Дата: 27.06.2005 Дата инв: 02.02.2018 Бележки инв: П2018 Книги
  Не е изгубен   Не е повреден без рестрикции ползва се в читалня 79066 Регионална библиотека "Любен Каравелов" Русе Регионална библиотека "Любен Каравелов" Русе Читалня 2005-06-28 Читалня 10.00 120000695155 Ч 308(5)/Д 71 120000695155 5 5.11 Дост: DA Вид: А N: 16 Дата: 27.06.2005 Дата инв: 30.03.2017 Бележки инв: Ч2017 Книги
  Не е изгубен   Не е повреден без рестрикции ползва се в читалня 79067 Регионална библиотека "Любен Каравелов" Русе Регионална библиотека "Любен Каравелов" Русе Хранилище 2006-11-22 Хранилище 0.00 120000706912 Цб 224188 120000706912 6 0.00 Дост: Dp Вид: Д N: 3 Дата: 21.12.2005 Книги
Vip Innovations Ltd, Rousse, Bulgaria 2025